Οικοσυστημικές υπηρεσίες παράκτιων οικοσυστημάτων και η προσαρμογή των παράκτιων δασών στην κλιματική αλλαγή : διπλωματική εργασία [μεταπτυχιακή διατριβή]
Αποθηκεύτηκε σε:
| Κύριος συγγραφέας: | |
|---|---|
| Συγγραφή απο Οργανισμό/Αρχή: | |
| Άλλοι συγγραφείς: | |
| Μορφή: | Thesis Βιβλίο |
| Γλώσσα: | Greek |
| Δημοσίευση: |
2012
|
| Θέματα: | |
| Διαθέσιμο Online: | http://hdl.handle.net/11610/11631 |
| Ετικέτες: |
Προσθήκη ετικέτας
Δεν υπάρχουν, Καταχωρήστε ετικέτα πρώτοι!
|
MARC
| LEADER | 00000cam a2200000 i 4500 | ||
|---|---|---|---|
| 001 | 1/34537 | ||
| 008 | 130814s2012 gre d | ||
| 035 | |l 10115291 | ||
| 040 | |a GR-MY-UA |b gre |e aacr | ||
| 041 | 0 | |a gre | |
| 082 | 0 | |a 577 |2 (22) | |
| 100 | 1 | |a Σαχανά, Παναγιώτα. | |
| 245 | 1 | 0 | |a Οικοσυστημικές υπηρεσίες παράκτιων οικοσυστημάτων και η προσαρμογή των παράκτιων δασών στην κλιματική αλλαγή : |b διπλωματική εργασία [μεταπτυχιακή διατριβή] / |c Σαχανά Παναγιώτα ; επιβλέπουσα καθηγήτρια: Κοντογιάννη Αρετή |
| 260 | |c 2012 | ||
| 300 | |a 134 σ.; |b πιν.; |c 30 εκ. | ||
| 502 | |a Διατριβή (μεταπτυχιακή) – Πανεπιστήμιο Αιγαίου, Λέσβος, 2012. | ||
| 504 | |a Βιβλιογραφία: σ. 125-134 | ||
| 650 | 0 | 0 | |a Marine ecology. |
| 650 | 0 | 0 | |a Climatic changes |x Environmental aspects. |
| 650 | 0 | 0 | |a Environmental protection. |
| 650 | 0 | 0 | |a Vegetation and climate. |
| 650 | 0 | 0 | |a Coastal ecology. |
| 650 | 0 | 0 | |a Dissertations, Academic |z Greece. |
| 700 | 1 | |a Κοντογιάννη-Σκούρτου, Αρετή. |4 ths | |
| 710 | 2 | |a Πανεπιστήμιο Αιγαίου |b Σχολή Περιβάλλοντος |b Τμήμα Επιστημών της Θάλασσας |b Πρόγραμμα Μεταπτυχιακών Σπουδών Διαχείριση Παράκτιων Περιοχών. | |
| 852 | |a INST |b LESVOS |c DIATR |e 20130814 |h 235 |p 005100053148 |q 005100053148 |t MTXE |y 23 | ||
| 852 | |a INST |b LESVOS |c DIATR |e 20130814 |h 236 |p 005100053147 |q 005100053147 |t MTXE |y 23 | ||
| 856 | |u http://hdl.handle.net/11610/11631 | ||
| 901 | |a BIBL1-2013-2 | ||
| 909 | |a Λ |b 181913 | ||
| 909 | |a Λ |b 181914 | ||
| 924 | |a ΣΑΧΑΝΑ |b ΠΑΝΑΓΙΩΤΑ |y ΛΕΣΒΟΣ |z 2013-01 | ||
| 970 | |a ΤΖΑΦΕΡΗ |b ΕΥΑΓΓΕΛΙΑ |z 2013/08/21 | ||